000 00621nam a2200229Ia 4500
003 GCL
008 140319s9999 xx 000 0 eng d
040 _aGCL /
_cGCL
082 0 4 _a616.8526
_bAE
100 1 _aABRAMSON, EDWARD
245 1 0 _aEMOTIONAL EATING:A PRACTICAL GUIDE TO TAKING CONTROL /
_cABRAMSON, EDWARD
260 _a[S.N] :
_bLEXINGTON BOOKS ،
_c1993
300 _a197 P
650 0 4 _aOBESITY
650 0 4 _aPSYCHOLOGICAL ASPECTS
650 0 4 _aCOMPUTIVE EATING
650 0 4 _aPOPULAR - WORKS
650 0 4 _aFOOD HABITS
650 0 4 _aREDUCING
650 0 4 _aSELF - HELP TECHNIQUES
942 _2ddc
_cBK
999 _c25371
_d25371